Diseño de un puente de acero de arco de dos articulaciones para carretera
Na minha lista:
| Autor principal: | |
|---|---|
| Formato: | Desconhecido |
| Publicado em: |
[San José , Costa Rica]
1950
|
| Tags: |
Adicionar Tag
Sem tags, seja o primeiro a adicionar uma tag!
|
MARC
| LEADER | 00000 a2200000 4500 | ||
|---|---|---|---|
| 003 | 010956 | ||
| 005 | 20221231143800.0 | ||
| 008 | 140114s1950 c a m 000 ||s d | ||
| 040 | |c cru CEDI | ||
| 090 | |a TFG 020 | ||
| 100 | |a Arguedas K., Guillermo A |9 17004 | ||
| 245 | |a Diseño de un puente de acero de arco de dos articulaciones para carretera | ||
| 260 | |c 1950 |a [San José , Costa Rica] | ||
| 300 | |a 105 hojas ; 2 planos plegables | ||
| 500 | |a [Tesis (ingeniero civil) Universidad de Costa Rica.] | ||
| 501 | |a Ed. mecanografiada | ||
| 942 | |c TFG | ||
| 999 | |c 11894 |d 11894 | ||
